KOHA-Header-6

Computer System Architecture (Record no. 12902)

000 -LEADER
fixed length control field 00295nam a22001337a 4500
020 ## - INTERNATIONAL STANDARD BOOK NUMBER
ISBN 9789332585607
082 ## - DEWEY DECIMAL CLASSIFICATION NUMBER
Classification number 004.22
100 ## - MAIN ENTRY--AUTHOR NAME
Personal name Mano, M.Morris
245 ## - TITLE STATEMENT
Title Computer System Architecture
250 ## - EDITION STATEMENT
Edition statement 3rd edition
260 ## - PUBLICATION, DISTRIBUTION, ETC. (IMPRINT)
Place of publication India
Name of publisher Pearson
Year of publication 2017
300 ## - PHYSICAL DESCRIPTION
Number of Pages 586 pages.
942 ## - ADDED ENTRY ELEMENTS (KOHA)
Koha item type Books
Holdings
Withdrawn status Lost status Collection code Permanent Location Current Location Shelving location Date acquired Full call number Accession Number Koha item type
    CSE MAJU MAJU Shelf No.A31 2020-12-29 004.22 10033 Computer System Engineering

Powered by Koha